Normal view
MARC view
- BIBLIOTECAS Y ESCUELAS
Entry Materia
001 - NÚMERO DE CONTROL DEL REGISTRO
- campo de control: 3073
003 - IDENTIFICADOR DE NUMERO DE CONTROL
- campo de control: UPN
005 - FECHA Y HORA DE LA ÚLTIMA TRANSACCIÓN
- campo de control: 20210219193628.0
008 - DATOS DE LONGITUD FIJA
- campo de control de longitud fija: nabaccnnaabn|||||||||| b |nc|||||d
035 ## - NÚMERO DE CONTROL DEL SISTEMA
- Número de control del sistema: UPN10000003073
040 ## - FUENTE DE LA CATALOGACIÓN
- Lengua de catalogación: SPA
- Agencia de transcripción: UPN
150 ## - ENCABEZAMIENTO - TEMÁTICO
- Término de materia o nombre geográfico como elemento inicial: BIBLIOTECAS Y ESCUELAS
670 ## - FUENTE EN LA QUE SE LOCALIZARON DATOS
- Cita de la fuente: E
680 ## - NOTA GENERAL CON DESPLIEGUE PÚBLICO
- Texto explicativo: Aquí se asientan las obras generales y las obras sobre bibliotecas y escuelas en México. Las obras relacionadas con bibliotecas y escuelas en otros países se asientan bajo
- Encabezamiento: BIBLIOTECAS Y ESCUELAS - [país]. Ej.:
- Encabezamiento: BIBLIOTECAS Y ESCUELAS - FRANCIA
902 ## - CATALOGADOR
- Catalogador: MEEG/160197
